1er sur Google - Statistiques

Statistiques générales
  • Ce quiz a été pris 205 fois
  • Le résultat moyen est 6 sur 15
Statistiques - réponses
Question Réponse % Correct
Découper une... Image
83%
Trouver une... Adresse
67%
Gagner un... iPhone
67%
Soigner un... Rhume
67%
Acheter une... Voiture
67%
Remplir un... PDF
50%
Vendre un... Véhicule
50%
Peser une... Lettre
33%
Creuser un... Puits
33%
Jeter un... Oeil
17%
Rouler une... Pelle
17%
Mourir de... Rire
17%
Toucher une... Assurance vie
0%
Laver une... Doudoune
0%
Prouver un... Vice caché
0%
Aucun quiz correspondant
Distribution des résultats
% des personnes avec chaque résultat
Percentile par nombre de réponses
Votre historique - résultats
Vous n’avez pas pris ce quiz